|
|
|
|
| LEADER |
00000nam0a2200000 4500 |
| 001 |
91982 |
| 005 |
20231101213813.0 |
| 010 |
|
|
|a 5980840281
|b (в пер.)
|b 10000 экз.
|
| 021 |
|
|
|a RU
|b 05-47106
|9 05-2305
|
| 035 |
|
|
|a (RuTPU)RU\TPU\book\98575
|
| 090 |
|
|
|a 91982
|
| 100 |
|
|
|a 20060303d2005 m y0rusy5002 ca
|
| 101 |
0 |
|
|a rus
|
| 102 |
|
|
|a RU
|
| 105 |
|
|
|a y j 001zy
|
| 200 |
1 |
|
|a Российский менеджмент: технологии успеха
|e учебное пособие для вузов
|f Академия наук социальных технологий и местного самоуправления; Российский государственный социальный университет; под ред. В. Н. Иванова
|
| 210 |
|
|
|a Москва
|c Муниципальный мир
|d 2005
|
| 215 |
|
|
|a 398, [1] с.
|
| 225 |
1 |
|
|a Энциклопедия управленческих знаний. Корпоративное образование
|
| 320 |
|
|
|a Библиогр.: с. 390-396.
|
| 330 |
|
|
|a В данной работе современный российский менеджмент представлен в органическом единстве с теорией социального управления, на основе которой он возник, развивался и развивается, применяя общие законы и принципы управления в среде рыночных отношений на уровне отдельной фирмы или корпорации. Впервые представлена российская модель менеджмента и система приоритетных технологий ее развертывания. Такой подход позволяет современные достижения теории управления и менеджмента эффективно переводить в практическую деятельность менеджера. Успешный российский менеджмент сегодня только начинается. На пути его становления немало трудностей. Преодолеть их, добиться успеха, освоить наукоемкие методы решения управленческих задач - основная задача книги. Учебное пособие рассчитано на руководителей, студентов и преподавателей, топ-менеджеров и практических работников, всех, кто заинтересован в получении высоких результатов в управлении.
|
| 610 |
1 |
|
|a менеджмент
|
| 610 |
1 |
|
|a Российская Федерация
|
| 610 |
1 |
|
|a управление
|
| 610 |
1 |
|
|a российская модель
|
| 610 |
1 |
|
|a социальное управление
|
| 610 |
1 |
|
|a стратегический менеджмент
|
| 610 |
1 |
|
|a ошибки
|
| 610 |
1 |
|
|a инновационные технологии
|
| 610 |
1 |
|
|a управленческая культура
|
| 610 |
1 |
|
|a корпоративное поведение
|
| 610 |
1 |
|
|a самоменеджмент
|
| 610 |
1 |
|
|a технологии
|
| 610 |
1 |
|
|a учебные пособия
|
| 686 |
|
|
|a У9(2)212я73
|v LBC/SL-A
|2 rubbk
|
| 702 |
|
1 |
|a Иванов
|b В. Н.
|g Валентин Николаевич
|4 340
|
| 712 |
0 |
2 |
|a Академия наук социальных технологий и местного самоуправления
|2 stltpush
|3 (RuTPU)RU\TPU\col\3568
|9 23857
|
| 712 |
0 |
2 |
|a Российский государственный социальный университет
|2 stltpush
|3 (RuTPU)RU\TPU\col\7804
|
| 801 |
|
0 |
|a RU
|b RKP
|c 20050819
|g PSBO
|
| 801 |
|
1 |
|a RU
|b 63413507
|c 20060303
|g PSBO
|
| 801 |
|
2 |
|a RU
|b 63413507
|c 20121011
|g PSBO
|
| 900 |
|
|
|a Менеджмент
|
| 942 |
|
|
|c BK
|
| 951 |
|
|
|b 080000
|